000
00320nam a22001337a 4500
008
181121b xxu||||| |||| 00| 0 eng d
020
_a
9781464183959
041
_a
eng
080
_2
7 TH
_a
541
100
_a
12
101
_a
KIM
245
_a
Chemical Principles The Quest For Insigh
_c
Peter.A
942
_2
udc
_c
BK
999
_c
52283
_d
52283